00683nam a2200193 i 4500001000700000003000900007005001700016007000300033008004100036080001500077100004600092245006600138260003400204300002200238650005600260852003200316999001900348952012200367135543ES-MaACL20231111062531.0t|070719s1965 sp ||||1| spa d a860.09(04)1 aTorre, Guillermo de (d1900-1971)911074013aLa difícil universalidad española / cGuillermo de Torre. a[Madrid] : bGredos, c[1965] a314 p. ; c19 cm. 4aLiteratura española-xHistoria y crítica914560 aES-MaACLjC-28804 bR.58169 c135543d135543 00104070aATENEOMbATENEOMcDEPO2d2008-01-17eSCl0oC-28804p1141070r2023-02-23 00:00:00w2023-02-23yMONOGRAFIA